Gaveshanam cinemayilum sahithyathilum/ (Record no. 182044)

000 -LEADER
fixed length control field 00369nam a22001337a 4500
020 ## - INTERNATIONAL STANDARD BOOK NUMBER
ISBN 9789348132208
082 ## - DEWEY DECIMAL CLASSIFICATION NUMBER
Classification number M 001.42
Item number ASH/G
245 ## - TITLE STATEMENT
Title Gaveshanam cinemayilum sahithyathilum/
Statement of responsibility, etc by Ashok D'cruz (ed.)
260 ## - PUBLICATION, DISTRIBUTION, ETC. (IMPRINT)
Place of publication Kozhikode:
Name of publisher Pavanatma Publications,
Year of publication 2024.
300 ## - PHYSICAL DESCRIPTION
Number of Pages 272p.
650 ## - SUBJECT ADDED ENTRY--TOPICAL TERM
Topical Term Research Methodology
700 ## - ADDED ENTRY--PERSONAL NAME
Personal name Ashok D'cruz (ed.)
942 ## - ADDED ENTRY ELEMENTS (KOHA)
Koha item type Book
Holdings
Withdrawn status Lost status Damaged status Not for loan Permanent Location Current Location Shelving location Date acquired Cost, normal purchase price Full call number Accession Number Price effective from Koha item type
        Sree Sankaracharya University of Sanskrit Sree Sankaracharya University of Sanskrit Stacks 04.06.2026 540.00 M 001.42 ASH/G 109017 04.06.2026 Book